Roald Dahl Character Match-Up Quiz Stats

Quiz Updated Jul 18, 2015

Challenge
Share
Tweet
Score 0/24 Timer 06:00
8 Plays Today
% Correct
Willy
96.5%
Charlie
90%
Augustus
88.9%
Veruca
88.3%
Violet
85.8%
Matilda
69.8%
Agatha
67.6%
Enormous
66.3%
Old Green
60.9%
Grandma
54.8%
Bruce
51.6%
Jennifer
49.1%
% Correct
James
45.8%
Prince
39.2%
Muggle
35.4%
Aunt
31.7%
Miss
27.2%
Solveg
24.1%
Bruno
23.1%
George
18.1%
Henry
16.3%
Milky
11.6%
Robert
10.8%
Don
9.2%

You're not logged in!

Compare scores with friends on all Sporcle quizzes.
Sign Up with Email
OR
Log In

You Might Also Like...

Show Comments

Extras

Top Quizzes Today


Score Distribution

Your Account Isn't Verified!

In order to create a playlist on Sporcle, you need to verify the email address you used during registration. Go to your Sporcle Settings to finish the process.